Statistics for Things that are Pink (or Purple)

Click here to take the quiz!

General Stats

  • This quiz has been taken 29,990 times
    (17,768 since last reset)
  • The average score is 11 of 20

Answer Stats

Clue Answer % Correct
Inspector Clouseau seriesThe Pink Panther
93%
Symbol of breast cancer
awareness
Pink Ribbon
90%
Album by PrincePurple Rain
83%
ConjunctivitisPinkeye
81%
Medal for wounded soldiersPurple Heart
79%
"Dark Side of the Moon"Pink Floyd
79%
Movie starring Oprah and
Whoopi Goldberg
The Color Purple
63%
Bird-shaped lawn ornaments
or John Waters movie
Pink Flamingos
62%
Animal seen by hallucinatorsPink Elephant
61%
Type of applePink Lady
61%
Movie starring Molly RingwaldPretty in Pink
58%
"Smoke on the Water"Deep Purple
52%
One-eyed, one-horned, flying ...Purple People Eater
49%
'Scuse me while I kiss the skyPurple Haze
42%
"Reservoir Dogs" characterMr. Pink
40%
Mary Kay sales vehiclePink Cadillac
37%
... majesties, above the fruited plainPurple Mountain
35%
Flowery writingPurple Prose
24%
Cough syrup beverage favored
by Lil Wayne
Purple Drank
19%
Dinosaur-flavored Kool-Aid?Purplesaurus Rex
9%

Score Distribution

Percentile by Number Answered

Percent of People with Each Score

Your Score History

You have not taken this quiz since the last reset